Дело по отношению министра финансов, по просьбе поверенного Новоместского еврейского общества Шапиры, ходатайствующего о рассроч...

Доступно только в Электронных читальных залах Найти на картеНа карте
RUSMARC
00003788nmc2a22000003x 450
001badfec7f-49d9-4e15-b27d-7038012d92a0
00520180516182311.0
100##$a20160229l18431844k l0rusy0189 ca
1010#$arus
102##$aRU
2001#$aДело по отношению министра финансов, по просьбе поверенного Новоместского еврейского общества Шапиры, ходатайствующего о рассрочке, числящейся на этом обществе недоимки в податях и земских повинностях
$j17 февраля 1843 г. - 22 мая 1844 г.
251##$cДело
300##$aДело
801#0$aRU
$bРГИА
$c20160229
$gRCR
801#1$aRU
$bГлавНИВЦ
$c20160229
$2rusmarc
801#2$aRU
$bПБ им. Б.Н. Ельцина
$c20180516
$gRCR
$2rusmarc
850##$aРГИА
852##$aРГИА
$eФедеральное казенное учреждение "Российский государственный исторический архив" (РГИА)
$j1126
937##$hРГИА
$d12197320
$aASBIBLIO_SCAN
462#0$1001e71f34c7-6ba6-4504-897e-253c950c25bd
$12001
$a1841-1843 гг. Дела Департамента полиции исполнительной МВД за 1843 г.
$1251
$cОпись
$1852
$j8
461#0$10013e300ed0-cd39-49af-8489-5ba5b90fa401
$12001
$aДепартамент полиции исполнительной МВД
$1251
$cФонд
$1852
$j1286
215##$a24 л.
$d36,5х26 см
371##$aДокумент не является опубликованным и широко распространяемым
105##$ay###
1222#$ad
035##$abadfec7f-49d9-4e15-b27d-7038012d92a0
856##$uhttp://readingroom.main.prlib.ru/item.aspx?id_node=n114898646&mode=full
Формат отображения